000 00626nam a2200193Ia 4500
005 20250508163303.0
008 008 250505s9999 xx 000 0 eng d
037 _aTheses
040 _aFEDL
_beng
_cFEDL
041 _aeng
_2eng
084 _a370, JOS/TH
_qFEDL
100 _aJoshi Jugal Kishore
_9775048
245 0 _aStudy of ego-identity and values of adolescents living in hill areas of Kumaon region in relation to their school and home environment
260 _c1984
300 _avii,315p.
546 _aPh. D. Thesis, (Kumaon University)
942 _cTH
_h370, JOS/TH
999 _c1382050
_d1382050